00880nab a22001937a 4500999001500000003000400015005001700019008004100036040000700077100003400084245013000118300001500248505014900263505007200412650002800484650005800512773010300570942001300673 c5846d5846OSt20260108021350.0190514b xxu||||| |||| 00| 0 spa d cPJ 96743aMorena, Denisse Micaela13aLa conservación del centro de vida y la prevalencia del contexto familiar, verdad o consecuencia /cDenisse Micaela Morena. ap. 131-148 aSumario: I. Introducción.— II. Red normativa.— III. El Estado: programas y políticas.— IV. Metodología aplicada.— V. Conclusión. tSi te interesa el texto, comunicate a koha@justierradelfuego.gov.ar 09967aDERECHO DE FAMILIA 092741aDERECHOS DE LAS NIÑAS, NIÑOS Y ADOLESCENTES0 0284493222dBuenos Aires : AbeledoPerrot, 1989-tDerecho de familia. N° 119 - Mayo 2025z18511201 2udccANA